ბათუმის შოთა რუსთაველის სახელმწიფო უნივერსიტეტის ბიბლიოთეკა

დასახლებული კუნძული (ბიბ.ჩანაწერი № 50226)

000 -LEADER
fixed length control field 00915nam a2200241Ia 4500
001 - CONTROL NUMBER
control field 17164
003 - CONTROL NUMBER IDENTIFIER
control field GE_BSU
008 - FIXED-LENGTH DATA ELEMENTS--GENERAL INFORMATION
fixed length control field 181216s||||||||xx |||||||||||||| ||und||
040 ## - CATALOGING SOURCE
Transcribing agency GE_BSU
080 ## - UNIVERSAL DECIMAL CLASSIFICATION NUMBER
Universal Decimal Classification number 087.5:59
100 ## - MAIN ENTRY--PERSONAL NAME
Personal name სნეგირევი, გენადი
245 ## - TITLE STATEMENT
Title დასახლებული კუნძული
245 ## - TITLE STATEMENT
Remainder of title ნარკვევი ზოოლოგიაში
245 ## - TITLE STATEMENT
Statement of responsibility, etc. თარგმ. ა. კიკვიძემ ; ილ: მ. მიტურიჩისა. რედ. ნ. ლორთქიფანიძე
260 ## - PUBLICATION, DISTRIBUTION, ETC.
Place of publication, distribution, etc. თბილისი
260 ## - PUBLICATION, DISTRIBUTION, ETC.
Name of publisher, distributor, etc. ნაკადული
260 ## - PUBLICATION, DISTRIBUTION, ETC.
Date of publication, distribution, etc. 1968
300 ## - PHYSICAL DESCRIPTION
Extent 91გვ. : ილ. ; 21სმ
653 ## - INDEX TERM--UNCONTROLLED
Uncontrolled term დასახლებული კუნძული
653 ## - INDEX TERM--UNCONTROLLED
Uncontrolled term ზოოლოგია
653 ## - INDEX TERM--UNCONTROLLED
Uncontrolled term ნარკვევი ზოოლოგიაში
942 ## - ADDED ENTRY ELEMENTS (KOHA)
Koha item type წიგნი
ეგზემპლარები
Withdrawn status Lost status Damaged status Not for loan Date acquired Barcode Date last seen Price effective from Koha item type
        2018-12-17 21504 2018-12-17 2018-12-17 წიგნი